00399nam a2200121Ia 4500008004100000082001700041100001800058245005200076260001500128942001200143999001700155952010500172230320s9999||||xx |||||||||||||| ||spa|| aR/985.21/L59 a[*Sin Autor*] 0aLibros De Cabildos De Lima (Años 1534 - 1539) bSan Martin 815cLIB c42450d42450 00104070aBC01bBC01d2023-03-20l0oR/985.21/L59p021554r2023-03-20 00:00:00t1w2023-03-20yLIB